=LDR 00000nam 2200000 4500 =001 INLIS000000000029468 =005 20130612131712 =008 ***********************************Ind** =035 ##$$0010-061300000029468 =041 ##$$a Ind =082 ##$$a 028.55 =090 ##$$a 028.55, Kur s =100 ##$$a Kurniawan, Harlis =245 ##$$a Si Domu sang juara, Harlis Kurniawan =260 ##$$a 2002 $b Jakarta =300 ##$$a 29 hlm, ilus, 28 cm =650 ##$$a Bacaan anak-anak =850 ##$$a NBPNMAT =990 ##$$a 18811881 =990 ##$$a 20403063